000 02480cam a22004215a 4500
001 16335757
003 OSt
005 20180116192408.0
008 100716s2007 sz a | b 10| 0 eng
010 _a 2010481394
015 _aGBA958490
_2bnb
015 _aGBA958490
_2dnb
016 7 _a015290335
_2Uk
020 _a9781848851832 (pbk.)
020 _a1848851839 (pbk.)
035 _a(OCoLC)ocn403402355
040 _aUKM
_cUKM
_dCDX
_dIXA
_dBTCTA
_dYDXCP
_dBON
_dDEBBG
_dDLC
042 _aukscp
_alccopycat
050 0 0 _aNA2543.S6
_bM85 2007
082 0 4 _a181.07
_222
245 0 0 _aMultiple modernities in Muslim societies /
_cedited by Modjtaba Sadria.
260 _aLondon :
_bAga Khan Award for Architecture,
_c2007.
300 _a156 p. :
_bill. ;
_c26 cm.
500 _aPapers from "the workshop on the topic of Tangible Elements of Multiple Modernities, held at the Institute for the Study of Muslim Civilisations (AKU-ISMC) in London in May 2007."
500 _aSome bibliographical references in multiple languages.
504 _aIncludes bibliographical references.
505 2 _aModernities: Re-posing the issues / Modjtaba Sadria -- From civilisations to multiple modernities: The issue of the public sphere / Armando Salvatore -- Iranian Islamic modernities / Masoud Kamali -- Why Critical Modernism? / CharlesJencks -- From critique in modernity to critique of modernity / Homa Farjadi -- A destructive vacuum: The marginalisation of local knowledge and reassertion of local identities / Farid Panjwani -- Modernity: Keep out of reach of children / Fatemeh Hosseini-Shakib -- Multiple modernities: A theoretical frame / Masoud Kamali -- Some reflections on "Tangible elements of multiple modernities" / Daniz Kandiyoti -- Multiple modernities in contemporary architecture / Jeremy Melvin -- Entangled modernity: Multiple architectural expressions of global phenomena: the Late Ottoman example / Stefan Weber.
650 0 _aIslam and architecture.
_91073
650 0 _aIslam and civil society.
_91074
650 0 _aModern movement (Architecture)
_91075
700 1 _aSadria, M.
_q(Modjtaba),
_d1949-
_91076
710 2 _aAga Khan Award for Architecture (Organization)
_91077
710 2 _aAga Khan University.
_bInstitute for the Study of Muslim Civilisations.
_91078
906 _a0
_bibc
_ccopycat
_d2
_encip
_f20
_gy-gencatlg
942 _2ddc
_cBK
999 _c353465
_d353465